[Event "Nalchik FIDE GP"]
[Site "Nalchik"]
[Date "2009.04.26"]
[Round "10"]
[White "Grischuk, Alexander"]
[Black "Alekseev, Evgeny V"]
[Result "1-0"]
[WhiteElo "2748"]
[BlackElo "2716"]
[Annotator "Krasenkow,M"]
[PlyCount "103"]
[EventDate "2009.04.15"]
[EventType "tourn"]
[EventRounds "13"]
[EventCountry "RUS"]
[EventCategory "19"]
[SourceTitle "CBM 130"]
[Source "ChessBase"]
[SourceDate "2009.05.20"]
[SourceVersion "1"]
[SourceVersionDate "2009.05.20"]
[SourceQuality "1"]

1. d4 Nf6 2. c4 e6 3. Nf3 d5 4. Nc3 Bb4 5. e3 O-O 6. Bd3 c5 7. O-O Nc6 8. a3
Bxc3 9. bxc3 Qc7 10. h3 {A useful prophylactic move, quite popular in modern
GM practice.} dxc4 11. Bxc4 b6 (11... e5 {is more common}) 12. Bd3 {Other
options:} (12. a4 e5 13. Ba3 e4 14. Nd2 Re8 15. f3 Na5 16. Ba2 Be6 17. Nxe4
Nxe4 18. fxe4 Bxa2 19. Rxa2 Rxe4 20. Raf2 f6 21. dxc5 Rae8 22. Qd5+ Qf7 23.
Qxf7+ Kxf7 24. cxb6 axb6 25. Bb4 Rd8 26. Rf5 Rxe3 {1/2-1/2 Tarjan,J-Rohde,M/
Lone Pine 1977/MCD}) (12. Re1 {needs more tests:} Bb7 (12... Rd8 13. Qc2 $6 Bb7
14. Bd3 Na5 15. e4 $2 cxd4 16. Nxd4 (16. cxd4 Qxc2 17. Bxc2 Rac8 $17) 16...
Rac8 17. Nb5 Qd7 18. Bf1 a6 $17 {0-1 Galliamova,A-Giorgadze,G/Pula 1997/EXT
2000 (59)}) 13. e4 (13. Bd3 e5 14. e4 cxd4 15. cxd4 Nxd4 16. Nxd4 exd4 17. e5
Qc6 18. Bf1 Ne4 19. Qxd4 Rfd8 20. Qe3 h6 $11 {1/2-1/2 Stocek,J-Varga,Z/
Budapest 1998/EXT 2000 (24)}) 13... cxd4 14. e5 Nd5 15. Bxd5 exd5 16. cxd4 Bc8
17. Qd3 Ne7 18. a4 (18. Bg5 $1 $14) 18... Bf5 19. Qa3 Nc6 20. Bd2 Be4 21. Rac1
Qb7 $13 {0-1 Djuric,S-Abramovic,B/Yugoslavia 1988/EXT 1997 (50)}) (12. Qe2 e5 (
12... Bb7 $5 13. e4 $6 cxd4 14. e5 Na5 15. exf6 Qxc4 16. Qe5 Qd3 $15 {1-0
Shabalov,A-Stefansson,H/Winnipeg 1997/CBM 060 ext (23)}) 13. Bb2 (13. Rd1 e4
14. Nh2 $6 Na5 15. Ba2 c4 16. Ng4 Nd5 17. Bd2 Bxg4 18. Qxg4 f5 $17 {0-1 Carnic,
S-Tukmakov,V/Kavala 1991/EXT 2003 (37)}) 13... e4 (13... Bf5 14. Rfd1 Rad8 15.
Rac1 Bg6 $6 16. Bb5 e4 17. Bxc6 Qxc6 18. Ne5 $14 {1-0 Templier,N-Tiviakov,S/
Corsica 2005/EXT 2006 (73)}) 14. Nd2 Na5 15. Ba2 c4 $1 16. a4 Be6 17. Ba3 Rfc8
18. Rab1 Qd7 19. Qd1 Nb3 $1 20. Qc2 Bxh3 $1 $40 {1/2-1/2 Korobov,A-Bu Xiangzhi/
Beijing 2008/CBM 126 Extra (40)}) (12. Bb2 Bb7 (12... e5 13. dxe5 Nxe5 14. Be2
Be6 15. Qc2 Bc4 16. Nxe5 Bxe2 17. Qxe2 Qxe5 18. c4 Qe6 19. Rfd1 Rfd8 20. Qf3
Ne4 {1/2-1/2 Michenka,J-Petenyi,T/Frydek Mistek CZE 2009/CBM 129}) 13. Qe2 (13.
Rc1 Rad8 14. Bd3 Ne7 15. Re1 Ng6 16. a4 Rfe8 17. e4 e5 18. d5 Bc8 19. c4 Re7
20. Rc2 Ne8 21. Qa1 f6 22. Bc1 Nd6 $11 {0-1 Sherbakov,R-Shetty,R/Calcutta 2002/
CBM 088 (47)}) 13... e5 14. Rfd1 (14. Rac1 Rad8 15. Rfd1 e4 16. Nd2 Ne7 17. Ba2
Nf5 18. Nf1 Rfe8 19. c4 cxd4 20. exd4 Qf4 21. Ne3 Nh4 22. c5 Nf3+ $1 $40 {
0-1 Bromberger,S-Loeffler,S/Germany 2003/CBM 095 (30)}) 14... Rad8 15. a4 h6
16. Bb5 e4 17. Nd2 Na5 18. Ba6 Bxa6 19. Qxa6 c4 $2 (19... Rd7 $13) 20. Ba3 Rd5
$6 (20... Rfe8 21. Bb4 Re6 22. Bxa5 bxa5 23. Qxc4 Rc6 24. Qb5 Rxc3 25. Rab1 $16
) 21. Bxf8 Kxf8 22. Rdb1 $18 {1-0 Beliavsky,A-Lendwai,R/Graz 1996/EXT 1998 (38)
}) (12. Ba2 Bb7 13. Bb2 Na5 14. Ne5 c4 15. f3 Nd5 16. Qe2 f6 17. Ng4 e5 18.
Rad1 Rae8 19. dxe5 $2 (19. e4 $13) 19... f5 $1 20. Nf2 Rxe5 21. e4 fxe4 22.
Nxe4 Nf4 $17 {0-1 Jakab,A-Ilincic,Z/Budapest 2006/CBM 112 ext (30)}) 12... Rd8
$146 {[%mdl 8] A healthy idea - just to complete development.} (12... e5 {
is now strongly met by} 13. Qc2 $1 {[%cal Ye3e4] e.g.} Rd8 (13... Bb7 14. e4 c4
15. Bxc4 exd4 16. Bd3 dxc3 17. Qxc3 Rac8 18. Bb2 Rfd8 19. Rad1 Qf4 20. Bb1 Re8
21. Qd2 Qxd2 22. Nxd2 Ne5 23. Rfe1 $14 {1-0 Ibragimov,I-Vekshenkov,N/Voronezh
1991/CBM 022 ext (34)}) (13... Re8 14. e4 exd4 15. cxd4 cxd4 16. Nxd4 Bb7 17.
Bb2 Rac8 18. Nf5 Ne5 19. Qxc7 Rxc7 20. Bb5 $16 {1/2-1/2 Lesiege,A-Kaliksteyn,A/
New York 1993/EXT 1997 (28)}) 14. e4 c4 15. Bxc4 exd4 16. Bg5 $6 (16. Bb2 $1
$14) 16... Bb7 17. Bxf6 gxf6 18. Bd5 Rac8 19. Rac1 Ne7 20. Bxb7 Qxb7 21. Rfd1
dxc3 22. Rxd8+ Rxd8 23. Qb3 Qxe4 24. Rxc3 Qd5 $15 {1/2-1/2 Volzhin,A-Tolnai,T/
Budapest 1996/CBM 053 (41)}) 13. Bb2 Ne7 14. Re1 Ng6 15. e4 Bb7 16. Nd2 {
It is not clear what to do.} (16. g3 {, with the black bishop on b7, looks
risky.}) 16... Rd7 17. Bf1 Rad8 18. Qe2 Qc6 19. Qc4 Qc7 20. Qe2 Qc6 21. Qc4 Qc7
{Draw?} 22. Rac1 {Not yet!} h5 $6 {Black certainly overestimates his position.
This pawn will be weak.} (22... Qf4 $11) 23. Qe2 {[%cal Re4e5]} h4 (23... Qf4
24. g3 Qg5 25. Nf3 Qh6 {doesn't look very attractive.}) 24. e5 Nd5 25. Qg4 {
[%csl Rh4][%cal Rd2f3]} (25. Ne4 $5 Qc6) 25... Nde7 $2 {Black loses the thread
of the game. It was possible to hold the h4-pawn by means of} (25... Qc6 26.
Nf3 Ndf4 27. Ng5 {[%cal Yc1d1,Yb2c1]} cxd4 28. cxd4 Qa4 {- White's task is not
so easy!}) 26. Bd3 {[%cal Yd2e4]} Nf5 $2 {Strange desperation. Why give up the
healthy e6-pawn? It was better to wait.} 27. Bxf5 exf5 28. Qxf5 Qc6 29. Ne4 Qe6
30. Qg5 Qe7 31. Qg4 Qe6 32. Qg5 Qe7 33. Qe3 Qe6 34. Nd6 Ba8 35. Qg5 Ne7 36.
Qxh4 {Finally Black has lost two pawns. Alexander Grischuk easily brings home
his advantage.} Nf5 37. Nxf5 Qxf5 38. e6 (38. Re3 $5) 38... Qg6 (38... fxe6 39.
Re5 Qg6 40. Rg5 $18) 39. exf7+ Rxf7 $5 40. Qg4 $1 {Certainly not} (40. Qxd8+ $2
Rf8 41. Qxf8+ Kxf8 $132) 40... Qxg4 41. hxg4 Rc8 42. dxc5 Rxc5 43. c4 Kh7 44.
f3 Rfc7 45. Re5 $1 Bb7 46. Rxc5 Rxc5 47. Rd1 $1 Bc8 48. Rd8 $1 Rxc4 49. Re8 {
[%cal Re8e7] The right strategy - to give up part of the material to activate
pieces and create an attack. Black is helpless.} Rc7 50. Be5 Rc1+ 51. Kh2 Re1
52. Re7 1-0

[Event "Nalchik FIDE GP"]
[Site "Nalchik"]
[Date "2009.04.29"]
[Round "13"]
[White "Svidler, Peter"]
[Black "Grischuk, Alexander"]
[Result "1/2-1/2"]
[WhiteElo "2726"]
[BlackElo "2748"]
[PlyCount "42"]
[EventDate "2009.04.15"]
[EventType "tourn"]
[EventRounds "13"]
[EventCountry "RUS"]
[EventCategory "19"]
[SourceTitle "CBM 130"]
[Source "ChessBase"]
[SourceDate "2009.05.20"]
[SourceVersion "1"]
[SourceVersionDate "2009.05.20"]
[SourceQuality "1"]

1. e4 e6 2. d4 d5 3. Nc3 Bb4 4. e5 c5 5. a3 Bxc3+ 6. bxc3 Ne7 7. Qg4 O-O 8. Bd3
Qa5 9. Ne2 cxd4 10. Bg5 Ng6 11. f4 Nd7 12. Bxg6 fxg6 13. Qxe6+ Rf7 14. Qe8+ Rf8
15. Qe6+ Rf7 16. O-O Nb6 17. Qe8+ Rf8 18. Qe7 dxc3 19. Bf6 Rf7 20. Qe8+ Rf8 21.
Qe7 Rf7 1/2-1/2

[Event "Villarrobledo op 24th"]
[Site "Villarrobledo"]
[Date "2009.07.25"]
[Round "1"]
[White "Almenar Montaner, Vicente"]
[Black "Grischuk, Alexander"]
[Result "0-1"]
[WhiteElo "2056"]
[BlackElo "2733"]
[PlyCount "80"]
[EventDate "2009.07.25"]
[EventType "swiss (rapid)"]
[EventRounds "9"]
[EventCountry "ESP"]
[SourceTitle "CBM 131 Extra"]
[Source "ChessBase"]
[SourceDate "2009.09.03"]
[SourceVersion "2"]
[SourceVersionDate "2009.09.16"]
[SourceQuality "1"]

1. e4 c6 2. d4 d5 3. Nc3 dxe4 4. Nxe4 Bf5 5. Ng3 Bg6 6. Nf3 Nd7 7. h4 h6 8. Bd3
Bxd3 9. Qxd3 e6 10. Bf4 Qa5+ 11. Bd2 Bb4 12. a3 Bxd2+ 13. Qxd2 Qxd2+ 14. Nxd2
O-O-O 15. O-O-O Ngf6 16. Nde4 Kc7 17. f3 Nd5 18. Rhe1 b5 19. Rd3 Rhe8 20. Nc3
Nf4 21. Rd2 a5 22. Re4 Nd5 23. Nxd5+ cxd5 24. Re3 g5 25. hxg5 hxg5 26. b3 Rh8
27. Kb2 Kd6 28. Ne2 b4 29. axb4 axb4 30. Nc1 Nb8 31. c4 bxc3+ 32. Rxc3 Nc6 33.
Kc2 Rh1 34. Kd3 f5 35. Rb2 Nxd4 36. Kxd4 Rd1+ 37. Rd3 Rxc1 38. b4 f4 39. Rc3
Rd1+ 40. Rd3 e5+ 0-1

[Event "Villarrobledo op 24th"]
[Site "Villarrobledo"]
[Date "2009.07.25"]
[Round "3"]
[White "Ljubojevic, Ljubomir"]
[Black "Grischuk, Alexander"]
[Result "1/2-1/2"]
[WhiteElo "2553"]
[BlackElo "2733"]
[PlyCount "49"]
[EventDate "2009.07.25"]
[EventType "swiss (rapid)"]
[EventRounds "9"]
[EventCountry "ESP"]
[SourceTitle "CBM 131 Extra"]
[Source "ChessBase"]
[SourceDate "2009.09.03"]
[SourceVersion "2"]
[SourceVersionDate "2009.09.16"]
[SourceQuality "1"]

1. d4 Nf6 2. c4 g6 3. g3 Bg7 4. Bg2 d5 5. cxd5 Nxd5 6. Nf3 Nb6 7. Nc3 Nc6 8. e3
O-O 9. O-O Re8 10. Re1 a5 11. Qe2 e5 12. dxe5 Nxe5 13. Nxe5 Bxe5 14. f4 Bxc3
15. bxc3 Bf5 16. Bxb7 Rb8 17. Bf3 Be4 18. Bxe4 Rxe4 19. Rb1 Qe7 20. Rb5 a4 21.
Rd1 Re8 22. Qd3 Qe6 23. a3 Nc4 24. Rb4 Qc6 25. Qd5 1/2-1/2

[Event "Villarrobledo op 24th"]
[Site "Villarrobledo"]
[Date "2009.07.26"]
[Round "6"]
[White "Grischuk, Alexander"]
[Black "Potkin, Vladimir"]
[Result "1-0"]
[WhiteElo "2733"]
[BlackElo "2619"]
[PlyCount "69"]
[EventDate "2009.07.25"]
[EventType "swiss (rapid)"]
[EventRounds "9"]
[EventCountry "ESP"]
[SourceTitle "CBM 131 Extra"]
[Source "ChessBase"]
[SourceDate "2009.09.03"]
[SourceVersion "2"]
[SourceVersionDate "2009.09.16"]
[SourceQuality "1"]

1. Nf3 d5 2. c4 e6 3. d4 Nf6 4. g3 dxc4 5. Bg2 a6 6. O-O Nc6 7. Bg5 Be7 8. e3
Bd7 9. Nc3 O-O 10. Rc1 Rb8 11. Bxf6 Bxf6 12. Ne4 b5 13. b3 Be7 14. bxc4 bxc4
15. Rxc4 Nb4 16. a4 Qe8 17. Nc3 Nc6 18. d5 exd5 19. Nxd5 Bd6 20. Qc2 Na5 21.
Rh4 h6 22. Rxh6 f5 23. Rh4 Nb3 24. Nxc7 Qe7 25. Ng5 Qxg5 26. Bd5+ Rf7 27. Qc4
Rbf8 28. Qxb3 Bxc7 29. Rd1 Be8 30. Qc4 Be5 31. f4 Qe7 32. fxe5 Qxe5 33. Qd4 Qe7
34. Rf4 g6 35. e4 1-0

[Event "Villarrobledo op 24th"]
[Site "Villarrobledo"]
[Date "2009.07.26"]
[Round "7"]
[White "Naiditsch, Arkadij"]
[Black "Grischuk, Alexander"]
[Result "1/2-1/2"]
[WhiteElo "2697"]
[BlackElo "2733"]
[PlyCount "27"]
[EventDate "2009.07.25"]
[EventType "swiss (rapid)"]
[EventRounds "9"]
[EventCountry "ESP"]
[SourceTitle "CBM 131 Extra"]
[Source "ChessBase"]
[SourceDate "2009.09.03"]
[SourceVersion "2"]
[SourceVersionDate "2009.09.16"]
[SourceQuality "1"]

1. e4 e6 2. d4 d5 3. Nd2 c5 4. exd5 Qxd5 5. Ngf3 cxd4 6. Bc4 Qd6 7. O-O Nf6 8.
Nb3 Nc6 9. Nbxd4 Nxd4 10. Qxd4 Bd7 11. c3 Qxd4 12. Nxd4 Bc5 13. Rd1 O-O-O 14.
Bf4 1/2-1/2

[Event "Villarrobledo op 24th"]
[Site "Villarrobledo"]
[Date "2009.07.26"]
[Round "8"]
[White "Grischuk, Alexander"]
[Black "Fridman, Daniel"]
[Result "1/2-1/2"]
[WhiteElo "2733"]
[BlackElo "2665"]
[PlyCount "109"]
[EventDate "2009.07.25"]
[EventType "swiss (rapid)"]
[EventRounds "9"]
[EventCountry "ESP"]
[SourceTitle "CBM 131 Extra"]
[Source "ChessBase"]
[SourceDate "2009.09.03"]
[SourceVersion "2"]
[SourceVersionDate "2009.09.16"]
[SourceQuality "1"]

1. d4 d5 2. Nf3 Nf6 3. c4 e6 4. Nc3 c5 5. cxd5 Nxd5 6. e3 Nc6 7. Bd3 cxd4 8.
exd4 Bb4 9. Qc2 Ba5 10. a3 h6 11. O-O O-O 12. Rd1 Bd7 13. Ne4 Bb6 14. Be3 Qe7
15. Nc3 Rac8 16. Qe2 Na5 17. Bd2 Bc6 18. Nxd5 Bxd5 19. Bb4 Qf6 20. Bxf8 Rxf8
21. Be4 Rd8 22. Bxd5 Rxd5 23. Rac1 Nc6 24. Qe4 Qd8 25. Rc4 e5 26. g3 Qd7 27.
Qc2 f5 28. Rxc6 Qxc6 29. Qxf5 exd4 30. Qd3 Qb5 31. Rd2 Qxd3 32. Rxd3 Rb5 33. b3
Rc5 34. Kf1 Rc1+ 35. Ke2 Rc2+ 36. Rd2 d3+ 37. Kxd3 Rxd2+ 38. Nxd2 Bxf2 39. Ne4
Bg1 40. h3 Kf7 41. Nd6+ Ke6 42. Nxb7 Kd5 43. Na5 Bh2 44. g4 Ke5 45. Nc6+ Kf4
46. Nxa7 Kg3 47. Ke2 Kxh3 48. Kf3 g5 49. Nb5 Be5 50. Ke4 Bb2 51. Kf5 h5 52. Nd6
hxg4 53. Ne4 Bxa3 54. Nf2+ Kh4 55. Nxg4 1/2-1/2

[Event "Villarrobledo op 24th"]
[Site "Villarrobledo"]
[Date "2009.07.26"]
[Round "9"]
[White "Tkachiev, Vladislav"]
[Black "Grischuk, Alexander"]
[Result "0-1"]
[WhiteElo "2650"]
[BlackElo "2733"]
[PlyCount "64"]
[EventDate "2009.07.25"]
[EventType "swiss (rapid)"]
[EventRounds "9"]
[EventCountry "ESP"]
[SourceTitle "CBM 131 Extra"]
[Source "ChessBase"]
[SourceDate "2009.09.03"]
[SourceVersion "2"]
[SourceVersionDate "2009.09.16"]
[SourceQuality "1"]

1. Nf3 c5 2. c4 Nc6 3. d4 cxd4 4. Nxd4 e6 5. g3 Qb6 6. Nb5 Ne5 7. Bf4 a6 8.
Bxe5 axb5 9. cxb5 Qxb5 10. Bd4 Qd5 11. f3 Bc5 12. Bxc5 Qxc5 13. Nd2 Nf6 14. Nb3
Qe7 15. Bg2 O-O 16. O-O d5 17. Qd4 e5 18. Qc5 Qe6 19. e3 b6 20. Qb4 Bd7 21. f4
Rfe8 22. Rfe1 h6 23. fxe5 Qxe5 24. Nd4 b5 25. Nf3 Qe6 26. a3 Ra4 27. Qd2 Ne4
28. Qe2 Qb6 29. Rad1 Nf6 30. Rd4 Bg4 31. Red1 Rxd4 32. Rxd4 Qxd4 0-1

[Event "Mainz Ordix op 16th"]
[Site "Mainz"]
[Date "2009.08.01"]
[Round "2"]
[White "Grischuk, Alexander"]
[Black "Karabalis, Harilos"]
[Result "1-0"]
[WhiteElo "2733"]
[BlackElo "2263"]
[PlyCount "73"]
[EventDate "2009.08.01"]
[EventType "swiss (rapid)"]
[EventRounds "11"]
[EventCountry "GER"]
[SourceTitle "CBM 131 Extra"]
[Source "ChessBase"]
[SourceDate "2009.09.03"]
[SourceVersion "2"]
[SourceVersionDate "2009.09.16"]
[SourceQuality "1"]

1. d4 Nf6 2. Nf3 g6 3. c4 Bg7 4. g3 O-O 5. Bg2 d6 6. Nc3 Nbd7 7. O-O e5 8. e4
exd4 9. Nxd4 Re8 10. h3 Nc5 11. Re1 a5 12. Rb1 Nfd7 13. Be3 Ne5 14. b3 c6 15.
Qc2 Ned3 16. Red1 Nb4 17. Qd2 Qe7 18. a3 Nba6 19. b4 axb4 20. axb4 Ne6 21. Nde2
Bf8 22. f4 Nec7 23. Nd4 d5 24. b5 Nb4 25. b6 c5 26. bxc7 cxd4 27. Qxd4 dxe4 28.
Rxb4 Bg7 29. Nd5 Qxb4 30. Nxb4 Bxd4 31. Bxd4 f5 32. Nd5 Kf7 33. Nb6 Ra2 34.
Nxc8 Rxc8 35. Bb6 Ke7 36. Bf1 e3 37. Re1 1-0

[Event "Mainz Ordix op 16th"]
[Site "Mainz"]
[Date "2009.08.01"]
[Round "3"]
[White "Meinhardt, Michael"]
[Black "Grischuk, Alexander"]
[Result "0-1"]
[WhiteElo "2124"]
[BlackElo "2733"]
[PlyCount "38"]
[EventDate "2009.08.01"]
[EventType "swiss (rapid)"]
[EventRounds "11"]
[EventCountry "GER"]
[SourceTitle "CBM 131 Extra"]
[Source "ChessBase"]
[SourceDate "2009.09.03"]
[SourceVersion "2"]
[SourceVersionDate "2009.09.16"]
[SourceQuality "1"]

1. e4 c6 2. d4 d5 3. exd5 cxd5 4. c4 Nf6 5. Nc3 g6 6. Qb3 Bg7 7. cxd5 O-O 8.
Be2 Na6 9. Bf3 Qb6 10. Nge2 Qxb3 11. axb3 Nb4 12. O-O Rd8 13. Ra5 a6 14. Bf4
Bg4 15. Bxg4 Nxg4 16. Rc5 Nf6 17. Bc7 Rd7 18. Nf4 g5 19. Ba5 b6 0-1

[Event "Mainz Ordix op 16th"]
[Site "Mainz"]
[Date "2009.08.01"]
[Round "4"]
[White "Grischuk, Alexander"]
[Black "Gofshtein, Leonid D"]
[Result "1-0"]
[WhiteElo "2733"]
[BlackElo "2540"]
[PlyCount "101"]
[EventDate "2009.08.01"]
[EventType "swiss (rapid)"]
[EventRounds "11"]
[EventCountry "GER"]
[SourceTitle "CBM 131 Extra"]
[Source "ChessBase"]
[SourceDate "2009.09.03"]
[SourceVersion "2"]
[SourceVersionDate "2009.09.16"]
[SourceQuality "1"]

1. d4 Nf6 2. Nf3 e6 3. c4 Bb4+ 4. Bd2 a5 5. Nc3 d6 6. Qc2 Nbd7 7. Bg5 h6 8. Bh4
e5 9. e3 Qe7 10. Be2 Bxc3+ 11. Qxc3 g5 12. Bg3 Ne4 13. Qc2 exd4 14. Nxd4 Ndc5
15. Nb3 Bf5 16. Nxc5 dxc5 17. Qa4+ Bd7 18. Qa3 Bc6 19. Bf3 h5 20. Bxe4 Bxe4 21.
f3 Bc6 22. O-O-O h4 23. Bf2 h3 24. e4 hxg2 25. Rhg1 Rxh2 26. Bxc5 Qe6 27. Qd3
g4 28. fxg4 Bxe4 29. Qd4 b6 30. Rde1 bxc5 31. Qxe4 Qxe4 32. Rxe4+ Kf8 33. Re2
Rd8 34. Rexg2 Rxg2 35. Rxg2 Rd4 36. b3 a4 37. Kb2 axb3 38. Kxb3 Ke7 39. g5 Kd8
40. Rf2 Rg4 41. Rf5 Kc8 42. Rxc5 c6 43. a4 Kb7 44. Rf5 Kb6 45. Kb4 Ka6 46. Kc5
Ka5 47. Kxc6+ Kxa4 48. c5 Kb4 49. Kd6 Kb5 50. Ke7 Kc6 51. Kxf7 1-0

[Event "Mainz Ordix op 16th"]
[Site "Mainz"]
[Date "2009.08.02"]
[Round "11"]
[White "Riazantsev, Alexander"]
[Black "Grischuk, Alexander"]
[Result "1-0"]
[WhiteElo "2647"]
[BlackElo "2733"]
[PlyCount "113"]
[EventDate "2009.08.01"]
[EventType "swiss (rapid)"]
[EventRounds "11"]
[EventCountry "GER"]
[SourceTitle "CBM 131 Extra"]
[Source "ChessBase"]
[SourceDate "2009.09.03"]
[SourceVersion "2"]
[SourceVersionDate "2009.09.16"]
[SourceQuality "1"]

1. d4 Nf6 2. c4 g6 3. Nc3 Bg7 4. e4 d6 5. h3 O-O 6. Nf3 e5 7. d5 Na6 8. Bg5 h6
9. Be3 Nc5 10. Nd2 a5 11. g4 Bd7 12. Be2 c6 13. h4 Nh7 14. h5 Ng5 15. Qc2 a4
16. a3 Qa5 17. O-O-O Rfc8 18. Kb1 Qd8 19. Nf3 Nxf3 20. Bxf3 Qf6 21. Qe2 g5 22.
dxc6 Bxc6 23. Bxc5 dxc5 24. Nd5 Bxd5 25. Rxd5 b6 26. Rhd1 Bf8 27. Qe3 Rd8 28.
Ka2 Rxd5 29. Rxd5 Rd8 30. Be2 Rxd5 31. cxd5 c4 32. Bxc4 Bc5 33. Qe2 Kf8 34. Bb5
Qf4 35. f3 Qc1 36. Bxa4 Ke7 37. Qd1 Qxd1 38. Bxd1 Kd6 39. Kb3 Bd4 40. Kc2 Be3
41. Be2 Kc7 42. b4 f6 43. Kb3 Bc1 44. a4 Be3 45. Kc4 Kd6 46. Kb5 Kc7 47. Ka6
Bd4 48. Bc4 Be3 49. Ba2 Bf2 50. Bb3 Be3 51. Bc4 Bf2 52. Ba2 Be3 53. d6+ Kxd6
54. Kb7 Bd2 55. Kxb6 Bxb4 56. a5 Bc5+ 57. Kb7 1-0

[Event "Grand Slam Final 2nd"]
[Site "Bilbao"]
[Date "2009.09.07"]
[Round "2"]
[White "Grischuk, Alexander"]
[Black "Shirov, Alexei"]
[Result "1-0"]
[WhiteElo "2733"]
[BlackElo "2730"]
[Annotator "Krasenkow,M"]
[PlyCount "103"]
[EventDate "2009.09.06"]
[EventType "tourn"]
[EventRounds "6"]
[EventCountry "ESP"]
[EventCategory "20"]
[SourceTitle "CBM 132"]
[Source "ChessBase"]
[SourceDate "2009.09.16"]
[SourceVersion "1"]
[SourceVersionDate "2009.09.16"]
[SourceQuality "1"]

1. d4 d5 2. Nf3 Nf6 3. c4 c6 4. Nc3 e6 5. e3 Nbd7 6. Bd3 dxc4 7. Bxc4 b5 8. Bd3
Bb7 9. e4 b4 10. Na4 c5 11. e5 Nd5 12. O-O cxd4 13. Nxd4 Be7 14. Re1 O-O 15.
Qg4 Re8 16. Bb5 (16. Bh6 {is another option.}) 16... Kh8 17. Bd2 (17. Nc6 $143
Qc7 $1 (17... Bxc6 18. Bxc6 Rc8 19. Bb7 (19. Bb5 Qc7 20. Bf4 Red8 21. Ba6 Rb8
22. b3 Nxf4 23. Qxf4 Kg8 24. Re3 Nc5 25. Nxc5 {1/2 Sriram,J (2458)-Pataki,G 
(2367)/Paks 2003/CBM 097 ext}) (19. Bxd5 $5 exd5 20. b3) 19... Rc7 (19... Rc2
$5) 20. Bxd5 exd5 21. Bf4 Nc5 22. Nxc5 Bxc5 23. Red1 Bb6 24. Bg3 d4 $11 {
1/2 Cvitan,O (2527)-L'Ami,E (2565)/Turin 2006/CBM 113 (31)}) 18. Nxe7 Rxe7 19.
Qc4 Qa5 20. Bxd7 Rxd7 21. Nc5 Rc7 22. Nxb7 Qb6 23. Qe4 Qxb7 $15 {/=1/2
Greenfeld,A (2575)-Coelho,L (2392)/Sao Paulo 2008/CBM 123 Extra (40)}) (17. Qf3
Rf8 18. Qh3 Rc8 19. Bd3 g6 20. Bh6 Rg8 21. Qg4 {1/2 Gonzalez Garcia,J (2447)
-Perez Candelario,M (2474)/Mallorca 2004/CBM 104}) 17... a6 (17... Rc8 $5 18.
a3 a6 19. Bd3 Nc5 (19... bxa3 20. bxa3 Qc7 21. Qg3 Red8 22. Rab1 Nf8 23. Rb3
Qd7 24. Nb2 Ng6 25. Nxe6 $5 fxe6 26. Bxg6 hxg6 27. Qxg6 Kg8 28. Rh3 $16 {
1-0 Szabo,V-McDonald,G/LSS 2007/Telechess CBM 125 (47)}) 20. Nxc5 Bxc5 21. Qh3
(21. Nb3 $5) 21... g6 22. Re4 f5 23. exf6 Qxf6 $132 {0-1 Smirnov,A (2454)
-Yevseev,D (2529)/St . Petersburg 2009/CBM 130 Extra (34)}) 18. Bc6 Qc7 $146 {
[%mdl 8] GM Alexey Shirov improves on his own play against Kramnik.} (18...
Bxc6 19. Nxc6 Qc7 20. Rac1 Qb7 21. Nxe7 Rxe7 22. b3 a5 23. Nb2 N7b6 24. Nc4
Nxc4 25. bxc4 f5 26. Qh4 Nb6 27. Re3 $14 {1/2 Kramnik,V (2772)-Shirov,A (2726)/
Dresden 2008/CBM 128 (44)}) 19. Rac1 Nxe5 $5 {To avoid pressure like in
Kramnik-Shirov, Black must go for tactical complications, probably analysed at
home.} 20. Bxb7 $1 (20. Rxe5 $143 Qxe5 21. Bxb7 f5 22. Qe2 Qxd4 23. Bxa8 Rxa8
24. Rc4 Qf6 25. Rc6 Rd8 $1 $11) 20... Nxg4 (20... Qxc1 21. Qe2 Qc4 22. Qxe5 Bf6
23. Bxd5 Qxd5 24. Qxd5 exd5 25. Rxe8+ Rxe8 26. Nb3 $16 {_|_S.Zagrebelny}) 21.
Rxc7 Nxc7 22. Bxa8 Rxa8 23. Nc6 Nd5 $6 {A serious inaccuracy.} (23... Bf8 $142
24. Bxb4 Nd5 25. Bxf8 Rxf8 {keeping a symmetrical distribution of material,
although White's queenside pawn advantage gives him something of an edge.}) 24.
Nxe7 Nxe7 25. Bxb4 {[%mdl 4096] '1/2 Jones,P (2139)-Hassim,U (2193)/LSS 2008/
Telechess CBM 131' - definitely too early!} Nd5 26. Bd2 $16 {The bishop is
stronger than the knight in positions with a passed pawn or potential passed
pawn. Black's strong d5 knight gives him only partial compensation.} Rc8 27.
Rc1 (27. f3 $5 Ngf6 28. Rc1 {preventing Black's counterplay (S.Zagrebelny).})
27... Rxc1+ 28. Bxc1 Ne5 $6 (28... Nb4 29. Bd2 $1 (29. a3 Nd3) 29... Nxa2 30.
Nc5 Ne5 31. b3 a5 32. Bxa5 Nc6 33. Bd2 Nab4 {(S.Zagrebelny) was probably
better than the text. It is useful for Black to avoid the exchange of knights
as two knight can give him more counterplay.}) 29. Nc5 Nb4 30. b3 $1 Nxa2 31.
Bb2 $1 Nc6 32. Nxa6 {Black's a2 knight is now doomed to an exchange.} Kg8 33.
Kf1 f6 34. Ke2 Nab4 {Otherwise it can be trapped!} (34... Kf7 35. Kd3 {[%csl
Ra2][%cal Rb2a3]}) 35. Nxb4 Nxb4 36. Ke3 {White's plan is quite traditional:
to move the b-pawn forward, deflecting the black king, and then invade Black's
defenseless kingside.} Kf7 (36... e5 37. Ke4 Kf7 38. Bc3 Nc6 39. Kd5) 37. Kd4
Nc2+ $6 {This plan (to capture the g2 pawn and give up the knight for White's
b-pawn) fails as the resulting endgame is winning for White. However, Black's
position is difficult in any case.} (37... Ke8 38. Kc4 Nd5 39. b4 Kd7 40. Bd4
$16 {[%cal Yb4b5,Yc4c5]}) 38. Kc5 Ne1 39. Kc6 Nxg2 40. b4 Nf4 41. b5 Nd5 42.
Kd6 (42. Bd4 $5 {[%cal Yb5b6] was simpler, according to GM S.Zagrebelny.})
42... Kg6 (42... Ke8 43. Bd4 Kd8 44. b6 Kc8 45. Kxe6 $18 {S.Zagrebelny} {e.g.}
Nf4+ 46. Kf7 Nh5 47. Kg8) 43. Bd4 Kg5 44. b6 Nxb6 45. Bxb6 e5 46. Ke6 {[%cal
Re6f7]} e4 (46... Kg4 47. Kf7 Kh3 48. Kxg7 f5 49. Kf6 $18) 47. Kf7 f5 48. Kxg7
h5 49. Kf7 f4 50. Ke6 Kg4 51. Ke5 Kf3 52. h4 $1 1-0